Statistics for Largest Cities In Germany

Click here to take the quiz!

General Stats

  • This quiz has been taken 327 times
  • The average score is 13 of 20

Answer Stats

PopulationCities% Correct
3,460,725Berlin
100%
1,353,186Munich
97%
1,786,448Hamburg
94%
679,774Frankfurt
91%
1,007,119Cologne
88%
588,735Dusseldorf
80%
606,588Stuttgart
78%
523,058Dresden
74%
522,883Leipzig
71%
547,340Bremen
67%
580,444Dortmund
65%
522,686Hannover
65%
324,899Bonn
64%
574,635Essen
64%
313,174Mannheim
42%
489,599Duisburg
40%
323,270Bielefeld
35%
505,664Nuremburg
34%
374,737Bochum
31%
349,721Wuppertal
29%

Score Distribution

Percentile by Number Answered

Percent of People with Each Score

Your Score History

You have not taken this quiz